[Event "Deutsche Ländermeisterschaft 2015"]
[Site "Hannover GER"]
[Date "2015.10.06"]
[Round "6"]
[White "Ciolek, Andreas"]
[Black "Schmekel, Florian"]
[Result "1-0"]
[Termination "normal"]
[Board "6.2"]
[WhiteElo "2030"]
[BlackElo "1919"]
[WhiteTeam "Baden 2"]
[BlackTeam "Mecklenburg-Vorpommern"]
[PlyCount "57"]
[WhiteFideId "12906727"]
[BlackFideId "12913456"]
[EventCountry "GER"]
[EventRounds "7"]
[EventType "team-swiss"]
[EventDate "2015.10.02"]

1. e4 c5 2. Nf3 Nc6 3. Bb5 g6 4. Bxc6 bxc6 5. O-O Bg7 6. Re1 e5 7. d3 d6 8. h3
Ne7 9. Nbd2 O-O 10. Nc4 f5 11. c3 Qc7 12. b4 cxb4 13. cxb4 fxe4 14. dxe4 d5 15.
exd5 cxd5 16. Ncxe5 Bf5 17. Bg5 Be4 18. Rc1 Qb7 19. Qb3 Kh8 20. Rc5 Nf5 21. Bc1
Rae8 22. Bb2 d4 23. Rec1 Re7 24. Qc4 Bxf3 25. Nxf3 Nd6 26. Qd5 Ne4 27. Qxb7
Rxb7 28. Rc8 Rbf7 29. R1c7 1-0

[Event "Deutsche Ländermeisterschaft 2015"]
[Site "Hannover GER"]
[Date "2015.10.06"]
[Round "6"]
[White "Schumann, Rabea"]
[Black "Mangei, Jasmin"]
[Result "1/2-1/2"]
[Termination "normal"]
[Board "6.3"]
[WhiteElo "1776"]
[BlackElo "1867"]
[WhiteTeam "Mecklenburg-Vorpommern"]
[BlackTeam "Baden 2"]
[PlyCount "86"]
[WhiteFideId "12918199"]
[BlackFideId "12951803"]
[EventCountry "GER"]
[EventRounds "7"]
[EventType "team-swiss"]
[EventDate "2015.10.02"]

1. e4 e5 2. Nf3 Nc6 3. Nc3 Nf6 4. Bb5 a6 5. Bxc6 dxc6 6. d3 Qd6 7. Be3 Bg4 8.
h3 Bh5 9. Qe2 Be7 10. O-O O-O 11. a3 c5 12. b3 Rad8 13. Nd1 Rfe8 14. Nb2 b5 15.
a4 c6 16. Ra2 Nd7 17. Rfa1 Nb8 18. Bd2 Qg6 19. Qe3 Bxf3 20. Qxf3 Bg5 21. Ba5
Rd6 22. Qg3 Qh6 23. Bc7 Bf4 24. Qf3 Rf6 25. Bxb8 Bh2+ 26. Kxh2 Rxf3 27. gxf3
Rxb8 28. axb5 axb5 29. Ra8 Qd6 30. R1a6 h6 31. Rxb8+ Qxb8 32. Rxc6 Qa7 33. Nd1
Qe7 34. Ne3 Kh7 35. Nf5 Qa7 36. Ne3 g6 37. Kg2 Kg7 38. Ng4 h5 39. Ne3 Qe7 40.
Kh2 Kf8 41. Rc8+ Kg7 42. Rc6 Kf8 43. Rc8+ Kg7 1/2-1/2

[Event "Deutsche Ländermeisterschaft 2015"]
[Site "Hannover GER"]
[Date "2015.10.06"]
[Round "6"]
[White "Wiesner, Alexander"]
[Black "Schamber, Dennis"]
[Result "0-1"]
[Termination "normal"]
[Board "6.4"]
[WhiteElo "1844"]
[BlackElo "1657"]
[WhiteTeam "Baden 2"]
[BlackTeam "Mecklenburg-Vorpommern"]
[PlyCount "120"]
[WhiteFideId "12943991"]
[BlackFideId "12952176"]
[EventCountry "GER"]
[EventRounds "7"]
[EventType "team-swiss"]
[EventDate "2015.10.02"]

1. d4 Nf6 2. c4 g6 3. Nc3 Bg7 4. e4 d6 5. f3 O-O 6. Bg5 h6 7. Be3 e5 8. d5 a6
9. Qd2 Kh7 10. h4 Nh5 11. Nge2 f5 12. g4 fxg4 13. fxg4 Bxg4 14. O-O-O Nd7 15.
Bh3 Ndf6 16. Rdg1 Qd7 17. Bxg4 Nxg4 18. Ng3 Nxg3 19. Rxg3 h5 20. Kb1 Rf7 21.
Nd1 Raf8 22. Rhg1 Rf1 23. a3 Qa4 24. Rxg4 hxg4 25. Qe2 Rxg1 26. Bxg1 Rf3 27.
Ne3 Qb3 28. Nxg4 Qd3+ 29. Qxd3 Rxd3 30. Be3 Rd1+ 31. Kc2 Rh1 32. Bg5 Rg1 33.
Nf6+ Bxf6 34. Bxf6 Rg4 35. Kd3 Rg3+ 36. Kd2 Rg2+ 37. Kc3 Re2 38. Bd8 Re3+ 39.
Kb4 c6 40. Bc7 cxd5 41. exd5 Rd3 42. Bxd6 e4 43. c5 Rxd5 44. Kc4 Rd1 45. Bf4
Kg7 46. a4 Kf6 47. b4 Kf5 48. Bg5 Ra1 49. Kb3 Rb1+ 50. Kc4 Re1 51. b5 axb5+ 52.
axb5 e3 53. c6 bxc6 54. bxc6 Ke4 55. Kb5 Rb1+ 56. Kc5 e2 57. Bd2 e1=Q 58. Bxe1
Rxe1 59. Kd6 Rc1 60. c7 Kf5 0-1

[Event "Deutsche Ländermeisterschaft 2015"]
[Site "Hannover GER"]
[Date "2015.10.06"]
[Round "6"]
[White "Riegel, Arinna"]
[Black "Lange, Jannis"]
[Result "1/2-1/2"]
[Termination "normal"]
[Board "6.6"]
[WhiteElo "1610"]
[BlackElo "1741"]
[WhiteTeam "Baden 2"]
[BlackTeam "Mecklenburg-Vorpommern"]
[PlyCount "82"]
[WhiteFideId "12931446"]
[BlackFideId "12993107"]
[EventCountry "GER"]
[EventRounds "7"]
[EventType "team-swiss"]
[EventDate "2015.10.02"]

1. e4 c5 2. Nf3 Nc6 3. d4 cxd4 4. Nxd4 Nf6 5. Nxc6 bxc6 6. Bd3 e5 7. c4 d5 8.
cxd5 cxd5 9. exd5 Qxd5 10. O-O Bb7 11. f3 Bc5+ 12. Kh1 O-O 13. Nc3 Qc6 14. Qc2
h6 15. Ne4 Be7 16. Qxc6 Bxc6 17. Re1 Bb4 18. Nxf6+ gxf6 19. Rd1 Kg7 20. Be3 a5
21. Rac1 Bd5 22. Bc4 Bxc4 23. Rxc4 Rad8 24. Rdc1 Bd2 25. Bxd2 Rxd2 26. R4c2
Rfd8 27. Kg1 f5 28. a3 e4 29. b4 e3 30. Kf1 axb4 31. axb4 f4 32. b5 Rd1+ 33.
Ke2 R8d2+ 34. Rxd2 Rxd2+ 35. Kf1 Rf2+ 36. Kg1 Rb2 37. Kf1 Rxb5 38. Rc4 Rb1+ 39.
Ke2 Rb2+ 40. Kf1 e2+ 41. Ke1 Rb1+ 1/2-1/2

[Event "Deutsche Ländermeisterschaft 2015"]
[Site "Hannover GER"]
[Date "2015.10.06"]
[Round "6"]
[White "Troyke, Jannis"]
[Black "Wu, Luka"]
[Result "1/2-1/2"]
[Termination "normal"]
[Board "6.7"]
[WhiteElo "1877"]
[BlackElo "1695"]
[WhiteTeam "Mecklenburg-Vorpommern"]
[BlackTeam "Baden 2"]
[PlyCount "74"]
[WhiteFideId "12993115"]
[BlackFideId "12977420"]
[EventCountry "GER"]
[EventRounds "7"]
[EventType "team-swiss"]
[EventDate "2015.10.02"]

1. e4 e5 2. Nf3 Nc6 3. d4 exd4 4. Bc4 Nf6 5. e5 d5 6. Bb5 Ne4 7. Nxd4 Bd7 8.
Bxc6 bxc6 9. O-O Bc5 10. Be3 O-O 11. f3 Ng5 12. f4 Ne6 13. c3 Bb6 14. Nd2 Nxd4
15. cxd4 Qe7 16. f5 Kh8 17. f6 gxf6 18. Rxf6 Rg8 19. Qh5 Rg6 20. Raf1 Be6 21.
R1f4 Rag8 22. Rh4 R8g7 23. Bh6 Rg8 24. Bf8 Rxg2+ 25. Kf1 Rg1+ 26. Ke2 Bg4+ 27.
Rxg4 Qxf8 28. Rxg1 Rxg1 29. Qxf7 Qxf7 30. Rxf7 Rg6 31. Nb3 Kg8 32. Rf3 Rh6 33.
Rf2 Rh4 34. Kd3 Rh3+ 35. Ke2 Rh4 36. Kd3 Rh3+ 37. Ke2 Rh4 1/2-1/2

[Event "Deutsche Ländermeisterschaft 2015"]
[Site "Hannover GER"]
[Date "2015.10.06"]
[Round "6"]
[White "Schmidek, Emil"]
[Black "Urban, Lars"]
[Result "1/2-1/2"]
[Termination "normal"]
[Board "7.1"]
[WhiteElo "2171"]
[BlackElo "2138"]
[WhiteTeam "Berlin"]
[BlackTeam "Thüringen"]
[PlyCount "59"]
[WhiteFideId "12908150"]
[BlackFideId "4644034"]
[EventCountry "GER"]
[EventRounds "7"]
[EventType "team-swiss"]
[EventDate "2015.10.02"]

1. e4 e6 2. d4 d5 3. Nc3 Nf6 4. Bg5 dxe4 5. Nxe4 Nbd7 6. Nxf6+ Nxf6 7. Nf3 h6
8. Be3 Nd5 9. Bd2 c5 10. c4 Nf6 11. Bc3 Ne4 12. Qc2 Nxc3 13. Qxc3 cxd4 14. Nxd4
Bd7 15. Be2 Be7 16. O-O O-O 17. Bf3 Qc7 18. Qb3 Rac8 19. Rad1 Bf6 20. Nb5 Bxb5
21. cxb5 Rfd8 22. Be4 Bd4 23. Qf3 b6 24. Rd2 Qe5 25. Rfd1 Rd6 26. Bc6 Rcd8 27.
g3 Bxb2 28. Rxd6 Rxd6 29. Rxd6 Qxd6 30. Be8 1/2-1/2

[Event "Deutsche Ländermeisterschaft 2015"]
[Site "Hannover GER"]
[Date "2015.10.06"]
[Round "6"]
[White "Hoffmann, Tim"]
[Black "Schnabel, Bennett"]
[Result "1-0"]
[Termination "normal"]
[Board "7.2"]
[WhiteElo "2119"]
[BlackElo "2063"]
[WhiteTeam "Thüringen"]
[BlackTeam "Berlin"]
[PlyCount "107"]
[WhiteFideId "12900338"]
[BlackFideId "12943290"]
[EventCountry "GER"]
[EventRounds "7"]
[EventType "team-swiss"]
[EventDate "2015.10.02"]

1. e4 c5 2. Nf3 Nc6 3. d4 cxd4 4. Nxd4 d5 5. exd5 Qxd5 6. Nxc6 bxc6 7. Nc3
Qxd1+ 8. Nxd1 e5 9. Bd3 f5 10. f3 Bc5 11. Be3 Bb4+ 12. c3 Bd6 13. Bf2 Nf6 14.
Ne3 g6 15. O-O-O Bc7 16. Nc4 O-O 17. Bc5 Re8 18. Nd6 Bxd6 19. Bxd6 e4 20. fxe4
fxe4 21. Bc4+ Be6 22. Bxe6+ Rxe6 23. Bc5 Nd5 24. Rhe1 a6 25. c4 Nf6 26. Re2
Rae8 27. Kc2 Nh5 28. Be3 Ng7 29. b4 Nf5 30. Bc5 h5 31. Rd7 Re5 32. Bb6 R5e7 33.
Rxe7 Rxe7 34. a4 Kf7 35. Kc3 e3 36. Bc5 Re8 37. g3 Kf6 38. b5 cxb5 39. axb5 Rc8
40. b6 Ke6 41. Bxe3 Nxe3 42. Rxe3+ Kd7 43. Kb4 Rc6 44. c5 Kc8 45. Re8+ Kb7 46.
Re7+ Kb8 47. Ra7 Re6 48. Rxa6 Re1 49. Ra3 Kb7 50. Ra7+ Kb8 51. c6 Rc1 52. c7+
Kc8 53. Ra8+ Kb7 54. Rb8+ 1-0

[Event "Deutsche Ländermeisterschaft 2015"]
[Site "Hannover GER"]
[Date "2015.10.06"]
[Round "6"]
[White "Acikel, Mert"]
[Black "Nguyen, Huy Dat"]
[Result "0-1"]
[Termination "normal"]
[Board "7.3"]
[WhiteElo "1889"]
[BlackElo "2089"]
[WhiteTeam "Berlin"]
[BlackTeam "Thüringen"]
[PlyCount "48"]
[WhiteFideId "12956465"]
[BlackFideId "12923486"]
[EventCountry "GER"]
[EventRounds "7"]
[EventType "team-swiss"]
[EventDate "2015.10.02"]

1. e4 c5 2. Nf3 d6 3. d4 cxd4 4. Nxd4 Nf6 5. Nc3 a6 6. Be3 e5 7. Nf3 Qc7 8. a4
h6 9. a5 Be6 10. Nd5 Nxd5 11. exd5 Bg4 12. Be2 Nd7 13. h3 Bxf3 14. gxf3 g6 15.
c4 Bg7 16. b4 O-O 17. Rc1 f5 18. Qc2 Rac8 19. Rg1 Kh7 20. Bd3 e4 21. fxe4 f4
22. Bd2 Ne5 23. c5 Nf3+ 24. Ke2 Nd4+ 0-1

[Event "Deutsche Ländermeisterschaft 2015"]
[Site "Hannover GER"]
[Date "2015.10.06"]
[Round "6"]
[White "Weishäutel, Moritz"]
[Black "Hesse, Henrik"]
[Result "1-0"]
[Termination "normal"]
[Board "7.4"]
[WhiteElo "1970"]
[BlackElo "1896"]
[WhiteTeam "Thüringen"]
[BlackTeam "Berlin"]
[PlyCount "103"]
[WhiteFideId "12967300"]
[BlackFideId "12952060"]
[EventCountry "GER"]
[EventRounds "7"]
[EventType "team-swiss"]
[EventDate "2015.10.02"]

1. e4 e5 2. Nf3 Nf6 3. Nxe5 d6 4. Nf3 Nxe4 5. Nc3 Nxc3 6. dxc3 Be7 7. Bf4 Nc6
8. Qd2 Be6 9. a3 Qd7 10. O-O-O O-O-O 11. Bb5 a6 12. Ba4 b5 13. Bb3 Bxb3 14.
cxb3 Na5 15. Qc2 Bf6 16. Rhe1 h6 17. Ne5 Bxe5 18. Bxe5 Qg4 19. Bg3 Rhe8 20. f3
Qg5+ 21. Kb1 Kd7 22. c4 Rxe1 23. Bxe1 Nb7 24. b4 c6 25. c5 d5 26. Bg3 Qg6 27.
Qxg6 fxg6 28. Kc2 Re8 29. Kd3 Nd8 30. a4 Ke6 31. axb5 axb5 32. Ra1 Nf7 33. Ra6
Rc8 34. Ra7 g5 35. Kd4 Kf6 36. Be1 g6 37. Bc3 Ke6 38. Ra6 Kd7 39. h3 Rc7 40.
Be1 Rc8 41. Bg3 Ke6 42. Ra7 Kf6 43. Be1 Re8 44. Bc3 Re7 45. Ra6 Rc7 46. Rxc6+
Rxc6 47. Kxd5+ Kf5 48. Kxc6 h5 49. Kd7 g4 50. fxg4+ hxg4 51. hxg4+ Kxg4 52. c6
1-0

[Event "Deutsche Ländermeisterschaft 2015"]
[Site "Hannover GER"]
[Date "2015.10.06"]
[Round "6"]
[White "Rosenhain, Rachela"]
[Black "Riedel, Erich"]
[Result "0-1"]
[Termination "normal"]
[Board "7.5"]
[WhiteElo "1792"]
[BlackElo "1826"]
[WhiteTeam "Berlin"]
[BlackTeam "Thüringen"]
[PlyCount "100"]
[WhiteFideId "12957615"]
[BlackFideId "12958646"]
[EventCountry "GER"]
[EventRounds "7"]
[EventType "team-swiss"]
[EventDate "2015.10.02"]

1. e4 e6 2. d4 d5 3. Nc3 Nf6 4. Bg5 Be7 5. e5 Nfd7 6. Bxe7 Qxe7 7. f4 a6 8. Nf3
c5 9. Bd3 Nc6 10. O-O Nxd4 11. Nxd4 cxd4 12. Ne2 Qb4 13. c3 dxc3 14. bxc3 Qc5+
15. Kh1 g6 16. Rc1 b6 17. Qe1 Bb7 18. Nd4 Qc7 19. Qh4 Qd8 20. Qh6 Nc5 21. Qg7
Rf8 22. Bc2 h5 23. Nf3 Qd7 24. Rb1 b5 25. Ng5 O-O-O 26. Qf6 Rde8 27. Rfd1 Qd8
28. Qxd8+ Rxd8 29. Rb4 Rd7 30. Rbd4 Rc7 31. Rc1 Kd8 32. Bb3 Ke7 33. Rd2 Rfc8
34. Rdc2 a5 35. Re2 Nxb3 36. axb3 Rxc3 37. Rb1 Rc1+ 38. Re1 Rxe1+ 39. Rxe1 Rc3
40. Rb1 d4 41. Kg1 b4 42. Ra1 Rc5 43. Rd1 Bd5 44. Rxd4 Rc3 45. Rd1 Rxb3 46. Ra1
Ra3 47. Rc1 Rc3 48. Ra1 b3 49. Rxa5 b2 50. Ra7+ Ke8 0-1

[Event "Deutsche Ländermeisterschaft 2015"]
[Site "Hannover GER"]
[Date "2015.10.06"]
[Round "6"]
[White "Nguyen, Ha Thanh"]
[Black "Denkert, Anna"]
[Result "0-1"]
[Termination "normal"]
[Board "7.6"]
[WhiteElo "1719"]
[BlackElo "1686"]
[WhiteTeam "Thüringen"]
[BlackTeam "Berlin"]
[PlyCount "166"]
[WhiteFideId "12942154"]
[BlackFideId "12938122"]
[EventCountry "GER"]
[EventRounds "7"]
[EventType "team-swiss"]
[EventDate "2015.10.02"]

1. e4 c6 2. d4 d5 3. Nc3 dxe4 4. Nxe4 Bf5 5. Ng3 Bg6 6. Nf3 Nd7 7. Bd3 Bxd3 8.
Qxd3 e6 9. Bf4 Qa5+ 10. c3 Ngf6 11. O-O Be7 12. Rfd1 O-O 13. Qc2 h6 14. a3 Nd5
15. Bd2 Qc7 16. c4 N5f6 17. Rac1 Rac8 18. Qd3 Rfd8 19. Qe2 Bf8 20. Nf1 c5 21.
dxc5 Nxc5 22. Be3 a6 23. b4 Rxd1 24. Qxd1 Ncd7 25. h3 a5 26. Qa4 axb4 27. axb4
Ne5 28. Nxe5 Qxe5 29. b5 Ne4 30. Qc2 Nd6 31. Qd3 Nf5 32. Bd2 Qd4 33. Qe2 Qb2
34. Qe1 Nd4 35. Ne3 Bb4 36. Rd1 Bc5 37. Rb1 Qa2 38. Ra1 Qb3 39. Rb1 Ne2+ 40.
Kh1 Qd3 41. Rd1 Bxe3 42. Bxe3 Qxc4 43. b6 Ra8 44. Rd2 Nf4 45. Rd4 Qe2 46. Qxe2
Nxe2 47. Rd7 Rb8 48. Bc5 Rc8 49. Rc7 Rb8 50. Rd7 Rc8 51. Rc7 Rb8 52. Be7 Nf4
53. Bd6 Nd5 54. Rc1 Rd8 55. Bc7 Rc8 56. Kg1 Nxb6 57. Rb1 Rxc7 58. Rxb6 Kf8 59.
Kf1 Ke7 60. Rb2 Rd7 61. Ke2 Kd8 62. Ke3 Kc7 63. Ke4 Rd5 64. Rb3 b5 65. Rb4 Kc6
66. Rb2 f5+ 67. Ke3 Re5+ 68. Kd3 Rc5 69. Rb4 e5 70. Rb3 Rc4 71. Rb2 Kc5 72. Rb1
b4 73. Rb3 e4+ 74. Kd2 f4 75. Rb2 Rc3 76. Rb1 Kc4 77. Rb2 b3 78. Kd1 e3 79.
fxe3 fxe3 80. Re2 Kd3 81. Rb2 h5 82. g3 g5 83. g4 h4 0-1

[Event "Deutsche Ländermeisterschaft 2015"]
[Site "Hannover GER"]
[Date "2015.10.06"]
[Round "6"]
[White "Breitzmann, Sander"]
[Black "Ratay, Meike"]
[Result "0-1"]
[Termination "normal"]
[Board "7.7"]
[WhiteElo "1569"]
[BlackElo "1611"]
[WhiteTeam "Berlin"]
[BlackTeam "Thüringen"]
[PlyCount "170"]
[WhiteFideId "12987085"]
[BlackFideId "12977608"]
[EventCountry "GER"]
[EventRounds "7"]
[EventType "team-swiss"]
[EventDate "2015.10.02"]

1. e4 e5 2. Nf3 Nc6 3. Bc4 Bc5 4. c3 Nf6 5. d3 d6 6. Bb3 h6 7. O-O O-O 8. Nbd2
d5 9. exd5 Nxd5 10. Re1 Re8 11. d4 Bb6 12. Nxe5 Nxe5 13. Rxe5 Rxe5 14. dxe5 Nf4
15. Bc4 Nd3 16. Ne4 Bf5 17. Qxd3 Qxd3 18. Bxd3 Rd8 19. Be2 Bxe4 20. c4 Bd4 21.
a4 Bxe5 22. Ra3 Bd6 23. Re3 Bc6 24. b3 Bf4 25. Rc3 Bxc1 26. Rxc1 Rd2 27. Re1
Rb2 28. Bd1 a6 29. f3 Kf8 30. Kf1 b5 31. cxb5 axb5 32. Re5 bxa4 33. bxa4 Rb7
34. Rc5 Bd7 35. Rc1 Ke7 36. Ra1 Kd6 37. a5 Bb5+ 38. Kf2 Kc5 39. Ba4 Bxa4 40.
Rxa4 Kb5 41. Re4 c5 42. Re5 Rc7 43. Ke2 Kxa5 44. Kd3 Kb4 45. Re8 Rd7+ 46. Kc2
Kc4 47. Rc8 Ra7 48. Kb2 Re7 49. Kc1 Re2 50. Rc7 Rxg2 51. Rxf7 Kc3 52. Kd1 g5
53. Rf5 c4 54. h4 gxh4 55. Rh5 Rf2 56. Rxh4 Rxf3 57. Rxh6 Kb2 58. Rb6+ Rb3 59.
Rc6 c3 60. Rc8 Rb4 61. Rc7 Rd4+ 62. Ke2 c2 63. Rb7+ Kc1 64. Rb8 Rd5 65. Re8 Rb5
66. Rd8 Kb1 67. Rc8 c1=Q 68. Rxc1+ Kxc1 69. Kd3 Re5 70. Kd4 Re8 71. Kd5 Kd2 72.
Kd4 Ke2 73. Kc5 Rd8 74. Kc6 Ke3 75. Kc7 Rd1 76. Kc8 Ke4 77. Kc7 Ke5 78. Kc6 Rd2
79. Kc7 Ke6 80. Kc8 Rd7 81. Kb8 Rh7 82. Ka8 Kd6 83. Kb8 Kc6 84. Ka8 Kb6 85. Kb8
Rh8# 0-1

[Event "Deutsche Ländermeisterschaft 2015"]
[Site "Hannover GER"]
[Date "2015.10.06"]
[Round "6"]
[White "Reuter, Elisa"]
[Black "Schnabel, Luise"]
[Result "0-1"]
[Termination "normal"]
[Board "7.8"]
[WhiteElo "1722"]
[BlackElo "1435"]
[WhiteTeam "Thüringen"]
[BlackTeam "Berlin"]
[PlyCount "82"]
[WhiteFideId "12995444"]
[BlackFideId "12943347"]
[EventCountry "GER"]
[EventRounds "7"]
[EventType "team-swiss"]
[EventDate "2015.10.02"]

1. e4 c5 2. Nf3 d6 3. d4 cxd4 4. Nxd4 Nf6 5. Nc3 a6 6. Bd3 e6 7. Bg5 Nbd7 8.
Nb3 Be7 9. O-O b5 10. a3 Qc7 11. Be2 Bb7 12. Bd3 O-O 13. Re1 Ne5 14. Bf1 Rfd8
15. Bf4 Ng6 16. Bg3 Rac8 17. Qe2 Nd7 18. Rad1 Nde5 19. h3 Nc4 20. Rb1 Nxa3 21.
bxa3 Qxc3 22. f3 d5 23. Ra1 dxe4 24. Qe3 exf3 25. gxf3 Bd5 26. Qxc3 Rxc3 27. a4
Bxb3 28. cxb3 Rxf3 29. Bf2 bxa4 30. bxa4 Nf4 31. h4 Nd3 32. Bxd3 Rfxd3 33. a5
h6 34. Kg2 R3d5 35. Re4 Rd2 36. Kf3 R8d5 37. Bb6 R5d3+ 38. Kf4 Bd6+ 39. Kg4
Rg2+ 40. Kh5 Rd5+ 41. Re5 Rxe5# 0-1

[Event "Deutsche Ländermeisterschaft 2015"]
[Site "Hannover GER"]
[Date "2015.10.06"]
[Round "6"]
[White "Recktenwald, Cedric"]
[Black "Wielebinski, Paul Martin"]
[Result "0-1"]
[Termination "normal"]
[Board "8.1"]
[WhiteElo "1584"]
[BlackElo "1938"]
[WhiteTeam "Saarland"]
[BlackTeam "Niedersachsen 2"]
[PlyCount "60"]
[WhiteFideId "12971928"]
[BlackFideId "12987930"]
[EventCountry "GER"]
[EventRounds "7"]
[EventType "team-swiss"]
[EventDate "2015.10.02"]

1. e4 c5 2. Nc3 Nc6 3. f4 g6 4. Nf3 Bg7 5. Bb5 Nd4 6. O-O a6 7. Bc4 e6 8. d3 b5
9. Bb3 Ne7 10. Ne2 Nec6 11. Nexd4 Nxd4 12. c3 Nxb3 13. Qxb3 O-O 14. a4 Rb8 15.
Be3 Qc7 16. Qc2 d5 17. e5 Bd7 18. axb5 axb5 19. Qf2 Rfc8 20. Ra6 b4 21. c4 d4
22. Bd2 Ra8 23. Rfa1 Qb7 24. Rxa8 Rxa8 25. Rxa8+ Qxa8 26. Bc1 Qa1 27. Qc2 Ba4
28. b3 Bxb3 29. Qxb3 Qxc1+ 30. Kf2 Qxf4 0-1

[Event "Deutsche Ländermeisterschaft 2015"]
[Site "Hannover GER"]
[Date "2015.10.06"]
[Round "6"]
[White "Koch, Yannick"]
[Black "Haase, Dominik"]
[Result "1-0"]
[Termination "normal"]
[Board "8.2"]
[WhiteElo "1955"]
[BlackElo "1467"]
[WhiteTeam "Niedersachsen 2"]
[BlackTeam "Saarland"]
[PlyCount "73"]
[WhiteFideId "24661678"]
[BlackFideId "16208781"]
[EventCountry "GER"]
[EventRounds "7"]
[EventType "team-swiss"]
[EventDate "2015.10.02"]

1. Nf3 e6 2. d4 Nf6 3. g3 d5 4. Bg2 Bd6 5. O-O O-O 6. c4 c6 7. cxd5 exd5 8. Qc2
Re8 9. Nc3 Bg4 10. Bg5 Nbd7 11. Rfe1 Qb6 12. Be3 Re7 13. Na4 Qc7 14. Nc5 Rae8
15. Bg5 Bxc5 16. dxc5 Bxf3 17. Bxf3 Ne5 18. Bg2 Re6 19. e3 Nfd7 20. Rec1 Qa5
21. a3 Qb5 22. b4 Qd3 23. Qxd3 Nxd3 24. Rc3 Nb2 25. Bh3 Ne5 26. Bxe6 Nf3+ 27.
Kg2 Nxg5 28. Bf5 Ne4 29. Bxe4 Rxe4 30. Rb1 Nc4 31. b5 f5 32. bxc6 bxc6 33. Rb7
a5 34. Rc7 Re6 35. Rb3 h6 36. a4 Nd2 37. Rb6 1-0

[Event "Deutsche Ländermeisterschaft 2015"]
[Site "Hannover GER"]
[Date "2015.10.06"]
[Round "6"]
[White "Zimmer, Luca"]
[Black "Brunner, Wilken"]
[Result "1-0"]
[Termination "normal"]
[Board "8.3"]
[WhiteElo "1548"]
[BlackElo "1783"]
[WhiteTeam "Saarland"]
[BlackTeam "Niedersachsen 2"]
[PlyCount "89"]
[WhiteFideId "12921424"]
[BlackFideId "12928771"]
[EventCountry "GER"]
[EventRounds "7"]
[EventType "team-swiss"]
[EventDate "2015.10.02"]

1. e4 c5 2. Nc3 a6 3. a4 Nc6 4. f4 e6 5. Nf3 d5 6. d3 Be7 7. Bd2 d4 8. Ne2 Nf6
9. Ng3 h5 10. e5 Nd5 11. Ne4 Qc7 12. Be2 f5 13. exf6 Nxf6 14. Nh4 Nxe4 15. Ng6
Bh4+ 16. g3 Nxg3 17. hxg3 Bxg3+ 18. Kf1 Rh6 19. Bxh5 Qf7 20. Nh8 Rxh5 21. Qxh5
Qxh5 22. Rxh5 e5 23. Ng6 exf4 24. Nxf4 Kf7 25. Kg2 Bxf4 26. Bxf4 Be6 27. Rf1
Ke7 28. Bg5+ Kd6 29. Bf4+ Ke7 30. Rh7 Rg8 31. Bh6 Ne5 32. Rxg7+ Rxg7+ 33. Bxg7
Ng4 34. Kg3 Ne3 35. Bf8+ Ke8 36. Rf6 Nd5 37. Rxe6+ Kxf8 38. Re5 Nb4 39. Rxc5 b6
40. Rc4 a5 41. Kf3 Ke7 42. Ke4 Kd6 43. Rxd4+ Kc7 44. Rc4+ Kd6 45. Rxb4 1-0

[Event "Deutsche Ländermeisterschaft 2015"]
[Site "Hannover GER"]
[Date "2015.10.06"]
[Round "6"]
[White "Heil, Lisa"]
[Black "Möller, Hannah"]
[Result "0-1"]
[Termination "normal"]
[Board "8.5"]
[WhiteElo "1056"]
[BlackElo "1638"]
[WhiteTeam "Saarland"]
[BlackTeam "Niedersachsen 2"]
[PlyCount "104"]
[WhiteFideId "16214412"]
[BlackFideId "1270514"]
[EventCountry "GER"]
[EventRounds "7"]
[EventType "team-swiss"]
[EventDate "2015.10.02"]

1. e4 c5 2. Nc3 d6 3. f4 g6 4. Nf3 Bg7 5. Bb5+ Bd7 6. Bxd7+ Qxd7 7. d3 Nc6 8.
O-O Nf6 9. Qe1 O-O 10. Qh4 a6 11. f5 gxf5 12. Bh6 fxe4 13. Ng5 Qg4 14. Qxg4
Nxg4 15. Bxg7 Kxg7 16. dxe4 Ne3 17. Rf2 Nb4 18. Nd5 Nexd5 19. exd5 Nxd5 20. c4
Nf6 21. Re1 Rfe8 22. Rf3 b5 23. Rg3 Kf8 24. Re4 h6 25. Rh4 hxg5 26. Rxg5 e6 27.
a3 Rab8 28. b4 cxb4 29. axb4 bxc4 30. Rxc4 Rec8 31. Rxc8+ Rxc8 32. h3 Rc4 33.
Ra5 Rxb4 34. Rxa6 d5 35. Ra1 Re4 36. Rf1 Kg7 37. Rd1 d4 38. Kf2 Nd5 39. g4 Kg6
40. Rd2 Nc3 41. Kf1 Kg5 42. Kg1 Ne2+ 43. Kf2 Nf4 44. Kf1 d3 45. Kg1 Re1+ 46.
Kf2 Re2+ 47. Rxe2 dxe2 48. Ke1 Kh4 49. g5 Kg3 50. g6 Kf3 51. gxf7 Ke3 52. f8=Q
Nd3# 0-1

[Event "Deutsche Ländermeisterschaft 2015"]
[Site "Hannover GER"]
[Date "2015.10.06"]
[Round "6"]
[White "Pubantz, Jan"]
[Black "Heil, Valerie"]
[Result "1-0"]
[Termination "normal"]
[Board "8.6"]
[WhiteElo "1435"]
[BlackElo "1313"]
[WhiteTeam "Niedersachsen 2"]
[BlackTeam "Saarland"]
[PlyCount "49"]
[WhiteFideId "12996114"]
[BlackFideId "16208790"]
[EventCountry "GER"]
[EventRounds "7"]
[EventType "team-swiss"]
[EventDate "2015.10.02"]

1. e4 e5 2. Nf3 Nc6 3. Bc4 Bc5 4. b4 Bxb4 5. c3 Ba5 6. d4 exd4 7. O-O dxc3 8.
Qb3 Qe7 9. Ba3 Bb4 10. Bxb4 Nxb4 11. Nxc3 Nh6 12. Rab1 Nc6 13. Nb5 d6 14. e5
O-O 15. exd6 cxd6 16. Rfe1 Qd7 17. Rbd1 Nf5 18. Qa3 Rd8 19. Nxd6 Nxd6 20. Rxd6
Qc7 21. Ng5 Bf5 22. Nxf7 Rxd6 23. Nxd6+ Kf8 24. Nb5+ Ne7 25. Nxc7 1-0

[Event "Deutsche Ländermeisterschaft 2015"]
[Site "Hannover GER"]
[Date "2015.10.06"]
[Round "6"]
[White "Unbehend, Marius"]
[Black "Lamottke, Svenja"]
[Result "0-1"]
[Termination "normal"]
[Board "8.7"]
[WhiteElo "863"]
[BlackElo "1466"]
[WhiteTeam "Saarland"]
[BlackTeam "Niedersachsen 2"]
[PlyCount "52"]
[WhiteFideId "16214420"]
[BlackFideId "12918229"]
[EventCountry "GER"]
[EventRounds "7"]
[EventType "team-swiss"]
[EventDate "2015.10.02"]

1. e4 c5 2. d4 cxd4 3. c3 dxc3 4. Nxc3 e6 5. Nf3 a6 6. b3 Nc6 7. Bb2 Be7 8. Bc4
d6 9. O-O Nf6 10. Re1 O-O 11. e5 dxe5 12. Qxd8 Rxd8 13. Nxe5 Nxe5 14. Rxe5 b5
15. Be2 Bb7 16. Bf3 Bxf3 17. gxf3 Rd2 18. Re2 Rad8 19. Rxd2 Rxd2 20. Bc1 Rd3
21. Bb2 Rxf3 22. Kg2 Rd3 23. f3 Rd2+ 24. Kf1 Rxb2 25. Rc1 Rxh2 26. Ne4 Rh1+ 0-1